00292nam a2200121Ia 4500008004100000041001200041082001100053100001700064245006100081260000600142650000600148700001600154221030s9999 xx 000 0 und d aEnglish a105.23 aP. K. Thaker 0aDeveloping English Skillscby P. K. Thaker , S. D. Desai c0 aB aS. D. Desai